00951nab a22002177a 4500999001500000003000400015005001700019008004100036040000700077100005000084245014500134260007200279300001300351500005100364505008900415650002600504650001800530650003300548773013900581942001300720 c6022d6022OSt20260116185541.0190605e xxu||||| |||| 00| 0 spa d cPJ 96824aGonzález Accorinti, Mercedes Belén 10aDespido discriminatorio. Carga dinámica de la prueba y pautas procesales para su acreditación /cMercedes Belén González Accorinti.  aCiudad Autónoma de Buenos Aires :bThomson Reuters La Ley,c2025. ap. 59-62 aCita Online: Cita: TR LALEY AR/DOC/1547/2025. a¿Te interesa el texto completo? Solicitalo al correo: koha@justierradelfuego.gov.ar 091316aDERECHO LABORAL 091533aDESPIDO 0aDISCRIMINACION LABORAL915770 0271193168dCiudad Autónoma de Buenos Aires : Thomson Reuters La Ley, 1999-2002.tRevista de derecho del trabajo. Nº 4 - Julio 2025 2udccANA